000 00284nam a2200109Ia 4500
008 171211s9999 xx 000 0 und d
245 _aCOM+ Developer's Guide
245 _cJohn Mueller
260 _c2000
650 _xSOFTWARE
856 _uhttp://down.ebook777.com/062/007212086X.pdf
999 _c349330
_d349330